Samples in Daft Punk's Face to Face - Statistics

General Stats
  • This quiz has been taken 8 times
  • The average score is 7 of 20
Answer Stats
Artist Year Element/s Sampled Song % Correct
Electric Light Orchestra 1975 Hook / Riff Evil Woman
100%
Dan Fogelberg & Tim Weisberg 1978 Hook / Riff Lahaina Luna
60%
Dave Mason 1974 Hook / Riff All Along the Watchtower
40%
Loggins and Messina 1974 Vocals / Lyrics Be Free
40%
Electric Light Orchestra 1974 Vocals / Lyrics Can't Get It Out of My Head
40%
Steppenwolf 1968 Hook / Riff Everybody's Next One
40%
Poco 1974 Hook / Riff Faith in the Families
40%
Loggins and Messina 1972 Vocals / Lyrics House at Pooh Corner
40%
Herbie Mann 1978 Drums Jisco Dazz
40%
Rockie Robbins 1981 Multiple Nothing Like Love
40%
The Doobie Brothers 1973 Multiple South City Midnight Lady
40%
Deborah Washington 1978 Multiple The Letter
40%
Dan Fogelberg & Tim Weisberg 1978 Hook / Riff Twins Theme
40%
Firefall 1982 Hook / Riff Body and Soul
20%
The Doobie Brothers 1976 Hook / Riff It Keeps You Runnin'
20%
The Alan Parsons Project 1982 Vocals / Lyrics Old and Wise
20%
The Alan Parsons Project 1982 Vocals / Lyrics Silence and I
20%
Carrie Lucas 1979 Hook / Riff Sometimes a Love Goes Wrong
20%
Dan Fogelberg & Tim Weisberg 1978 Hook / Riff Tell Me to My Face
20%
Boz Scaggs 1980 Hook / Riff You Got Some Imagination
20%
No matching quizzes found
Score Distribution
Percent of People with Each Score
Percentile by Number Answered
Your Score History
You have not taken this quiz